Γνώσεις και στάσεις Ελλήνων και αλλοδαπών μαθητών του δημοτικού σχολείου απέναντι σε περιβαλλοντικά προβλήματα : διπλωματική εργασία (μεταπτυχιακή)
Αποθηκεύτηκε σε:
| Κύριος συγγραφέας: | |
|---|---|
| Άλλοι συγγραφείς: | , , |
| Μορφή: | Thesis Βιβλίο |
| Γλώσσα: | Greek |
| Δημοσίευση: |
Ρόδος :
Πανεπιστήμιο Αιγαίου, Τμήμα Επιστημών της Προσχολικής Αγωγής και του Εκπαιδευτικού Σχεδιασμού,
2006.
|
| Θέματα: | |
| Ετικέτες: |
Προσθήκη ετικέτας
Δεν υπάρχουν, Καταχωρήστε ετικέτα πρώτοι!
|
MARC
| LEADER | 00000cam a2200000 i 4500 | ||
|---|---|---|---|
| 001 | 1/43447 | ||
| 008 | 070425s2006 gre d | ||
| 035 | |l 10087608 | ||
| 040 | |a GR-MY-UA |b gre |e aacr | ||
| 041 | 0 | |a gre | |
| 082 | 7 | |a 372.357 |2 (22) | |
| 100 | 1 | |a Κλάδης, Νικόλαος Π. | |
| 245 | 1 | 0 | |a Γνώσεις και στάσεις Ελλήνων και αλλοδαπών μαθητών του δημοτικού σχολείου απέναντι σε περιβαλλοντικά προβλήματα : |b διπλωματική εργασία (μεταπτυχιακή) / |c Νικολάου Π. Κλάδη ; Ανδρεαδάκης Νικόλαος (επιβλέπων) ; τριμελής εξεταστική επιτροπή: Γκόβαρης Χρήστος, Αναστασάτος Νικόλαος. |
| 260 | |a Ρόδος : |b Πανεπιστήμιο Αιγαίου, Τμήμα Επιστημών της Προσχολικής Αγωγής και του Εκπαιδευτικού Σχεδιασμού, |c 2006. | ||
| 300 | |a 218 σ. ; |c 30 εκ. | ||
| 502 | |a Διατριβή (μεταπτυχιακή) - Πανεπιστήμιο Αιγαίου, Ρόδος, 2006. | ||
| 610 | 2 | 0 | |a University of the Aegean |x Dissertations. |
| 650 | 0 | 0 | |a Environmental education. |
| 650 | 0 | 0 | |a Environmental problems. |
| 650 | 0 | 0 | |a Environmental education |x Study and teaching (Elementary) |
| 650 | 0 | 0 | |a Dissertations, Academic |z Greece. |
| 700 | 1 | |a Γκόβαρης, Χρήστος. |4 ths | |
| 700 | 1 | |a Αναστασάτος, Νικόλαος Θ. |4 ths | |
| 700 | 1 | |a Ανδρεαδάκης, Νίκος Σ. | |
| 852 | |a INST |b RHODES |c DIATR |e 20070425 |h 372.357 ΚΛΑ |p 005400026675 |q 005400026675 |t MTXE |y 23 | ||
| 852 | |a INST |b RHODES |c DIATR |e 20070425 |h 372.357 ΚΛΑ |p 005400026676 |q 005400026676 |t MTXE |y 23 | ||
| 901 | |a BIBL4-2007-1 | ||
| 909 | |a Ρ |b 127853 | ||
| 909 | |a Ρ |b 127852 | ||
| 924 | |a ΚΛΑΔΗΣ |b ΝΙΚΟΛΑΟΣ Π. |y Ρόδος |z 2007-04 | ||
| 970 | |a ΜΙΣΣΟΣ |b ΣΤΑΥΡΟΣ |z 2007/04/25 | ||